[Event "Windsor NAYCC U12"]
[Site "Windsor"]
[Date "2016.08.11"]
[Round "8.113"]
[White "Zaid, Daniyal"]
[Black "Asemota, Eghosa"]
[Result "0-1"]
[WhiteElo "714"]
[BlackElo "803"]
[PlyCount "66"]
[EventDate "2016.08.07"]
[EventType "swiss"]
[EventRounds "9"]
[EventCountry "CAN"]
[SourceTitle "EXT 2022"]
[Source "ChessBase"]
[SourceDate "2021.10.06"]
[SourceVersion "1"]
[SourceVersionDate "2021.10.06"]
[SourceQuality "1"]

1. e4 c5 2. Nf3 d6 3. Nc3 Nf6 4. d3 Nc6 5. Be2 Nd4 6. Be3 Nxe2 7. Qxe2 e6 8. Bg5 Be7 9. 0-0 0-0 10. h3 h6 11. Bd2 Bd7 12. Rfe1 d5 13. e5 Nh5 14. g4 d4 15. gxh5 dxc3 16. bxc3 Bc6 17. Qe3 Qd5 18. Qe4 Qxe4 19. dxe4 f6 20. c4 f5 21. Nh2 Bxe4 22. Rec1 Rad8 23. Nf1 Bg5 24. Bxg5 hxg5 25. Rab1 b6 26. Rb3 Rd4 27. Rg3 g4 28. hxg4 fxg4 29. Rxg4 Bf3 30. Rg3 Rg4 31. Rxg4 Bxg4 32. Ng3 Rf4 33. Rd1 Bxd1 0-1

[Event "Windsor NAYCC U12"]
[Site "Windsor"]
[Date "2016.08.07"]
[Round "1.112"]
[White "Zaid, Daniyal"]
[Black "Tanaka, Taira Tyler"]
[Result "0-1"]
[WhiteElo "714"]
[BlackElo "1620"]
[PlyCount "40"]
[EventDate "2016.08.07"]
[EventType "swiss"]
[EventRounds "9"]
[EventCountry "CAN"]
[SourceTitle "EXT 2022"]
[Source "ChessBase"]
[SourceDate "2021.10.06"]
[SourceVersion "1"]
[SourceVersionDate "2021.10.06"]
[SourceQuality "1"]

1. e4 c5 2. Nf3 Nc6 3. Nc3 d6 4. d3 g6 5. d4 cxd4 6. Nxd4 Nf6 7. Nxc6 bxc6 8. Bg5 Bg7 9. Qf3 Qa5 10. e5 Qxe5+ 11. Be3 d5 12. 0-0-0 Bg4 13. Qg3 Qxg3 14. fxg3 Bxd1 15. Kxd1 0-0 16. Bc5 Rfe8 17. Ba6 Rab8 18. b4 Nd7 19. a3 Nxc5 20. bxc5 Bxc3 0-1

[Event "CAN-ch U10"]
[Site "Windsor"]
[Date "2016.07.07"]
[Round "5.95"]
[White "Zaid, Daniyal"]
[Black "Gaisinsky, Jacob"]
[Result "0-1"]
[WhiteElo "584"]
[BlackElo "999"]
[PlyCount "110"]
[EventDate "2016.07.05"]
[EventType "swiss"]
[EventRounds "7"]
[EventCountry "CAN"]
[SourceTitle "EXT 2022"]
[Source "ChessBase"]
[SourceDate "2021.10.06"]
[SourceVersion "1"]
[SourceVersionDate "2021.10.06"]
[SourceQuality "1"]

1. e4 e5 2. Nf3 Nc6 3. Bc4 Bc5 4. d3 d6 5. Ng5 Nh6 6. h3 0-0 7. Qh5 Qf6 8. 0-0 Nd4 9. Na3 Kh8 10. Be3 Bxa3 11. bxa3 Nxc2 12. Rac1 Nxa3 13. Rfd1 Nxc4 14. Rxc4 c6 15. d4 Re8 16. Rf1 d5 17. dxe5 Rxe5 18. Bd4 Rxg5 19. Bxf6 Rxh5 20. exd5 cxd5 21. Rf4 gxf6 22. Rxf6 Kg7 23. Rf4 Rg5 24. Kh2 b6 25. Rc1 Bb7 26. Rc7 Rb8 27. f3 Re5 28. g4 Re2+ 29. Kg3 Kg6 30. h4 Re1 31. Kf2 Rh1 32. g5 Nf5 33. Rxf7 Kxf7 34. Rxf5+ Kg6 35. Rf6+ Kg7 36. Kg3 Rf8 37. Rd6 d4 38. f4 Rg8 39. Rd7+ Kg6 40. Rxb7 h6 41. Rd7 hxg5 42. fxg5 Rd1 43. Rd6+ Kf5 44. g6 Rxg6+ 45. Rxg6 Kxg6 46. Kf3 Re1 47. Kg4 d3 48. h5+ Kh6 49. a4 d2 50. Kf4 d1Q 51. a5 Qd2+ 52. Kg3 Re3+ 53. Kf4 Qd4+ 54. Kf5 Re5+ 55. Kf6 Qd6+ 0-1

[Event "CAN-ch U10"]
[Site "Windsor"]
[Date "2016.07.06"]
[Round "3.96"]
[White "Zaid, Daniyal"]
[Black "Si, Patrick"]
[Result "1-0"]
[WhiteElo "584"]
[BlackElo "931"]
[PlyCount "112"]
[EventDate "2016.07.05"]
[EventType "swiss"]
[EventRounds "7"]
[EventCountry "CAN"]
[SourceTitle "EXT 2022"]
[Source "ChessBase"]
[SourceDate "2021.10.06"]
[SourceVersion "1"]
[SourceVersionDate "2021.10.06"]
[SourceQuality "1"]

1. e4 e5 2. Nf3 Nc6 3. Bc4 Bc5 4. Nc3 Nf6 5. 0-0 0-0 6. d3 h6 7. h3 Re8 8. Re1 d6 9. a3 Na5 10. Ba2 b6 11. b4 Bxf2+ 12. Kxf2 Nb7 13. Nd5 Be6 14. Nxf6+ Qxf6 15. Bxe6 Rxe6 16. Qe2 c5 17. b5 a5 18. a4 Rd8 19. c4 Rd7 20. Ra2 Qe7 21. Rd2 Rc7 22. Rg1 f6 23. g4 Qe8 24. h4 Qf7 25. Ke1 Kf8 26. g5 fxg5 27. hxg5 hxg5 28. Nxg5 Qe8 29. Nxe6+ Qxe6 30. Rf1+ Ke8 31. Qh5+ g6 32. Qh8+ Kd7 33. Rdf2 Nd8 34. Bg5 Rc8 35. Bxd8 Rxd8 36. Rf7+ Kc8 37. Rf8 Rxf8 38. Qxf8+ Kd7 39. Rf7+ Qxf7 40. Qxf7+ Kd8 41. Qf6+ Kc7 42. Qxg6 Kd7 43. d4 exd4 44. Kd2 d3 45. Kxd3 Kc7 46. Qg7+ Kd8 47. Qg6 Kc7 48. Ke3 Kd7 49. Kf4 Kc7 50. e5 dxe5+ 51. Kxe5 Kd7 52. Qxb6 Ke7 53. Qxc5+ Kd7 54. b6 Kd8 55. Qc7+ Ke8 56. b7 Kf8 1-0